| 000 | 00488nam a22001817a 4500 | ||
|---|---|---|---|
| 008 | 230630b |||||||| |||| 00| 0 eng d | ||
| 020 | _a978-93-88933-68-1 | ||
| 040 |
_aNational Science Library _cNational Science Library |
||
| 080 |
_a82-31REN _bQ9 |
||
| 100 | _aRenu, Phanishwar Nath | ||
| 245 | _aजुलूस | ||
| 246 | _aJuloos | ||
| 260 |
_aNew Delhi: _bRajkamal Prakashan, _c2019 |
||
| 300 | _a143p. | ||
| 650 | _aLiterature | ||
| 653 | _aNovel | ||
| 942 |
_2udc _cHBK |
||
| 999 |
_c48610 _d48610 |
||